| 000 | 00877nam a22002177a 4500 | ||
|---|---|---|---|
| 005 | 20240530110552.0 | ||
| 008 | 160725s2014 ua a f b 000 0 ara d | ||
| 017 |
_a2013/21184 _bمصر . دار الكتب المصرية |
||
| 020 | _a9789774114930 | ||
| 040 | _aEG-CaGPL | ||
| 082 | 0 | 4 |
_221 _a303.4\ _bف ت |
| 100 | 0 | _aفادية عمر الولانى | |
| 245 | 1 | 2 |
_aالتغير الاجتماعى : _bمدخل النظرية الوظيفية لتحليل التغير / _cفادية عمر الولانى |
| 250 | _aط. 1 | ||
| 260 |
_aالقاهرة : _bالمكتبة المصرية للنشر و التوزيع ، _c2014 . |
||
| 300 |
_a323 ص. : _bجداول ؛ _c24 سم . |
||
| 504 | _aيشتمل على ارجاعات ببليوجرافية | ||
| 650 | 0 | 4 | _aالتغير الاجتماعى |
| 650 | 0 | 4 |
_aالاجتماع التربوى _xعلم |
| 942 |
_2ddc _cBK |
||
| 999 |
_c62485 _d62485 |
||